000
00234nam a2200097Ia 4500
001
712255
005
20250826162824.0
008
250824s9999 xx 000 0 und d
245
0
_a
DAHA DÜN
_c
SELİM İLERİ
260
_b
EVEREST YAYINLARI
999
_c
712255
_d
712255